000 00347nam a22001457a 4500
003 MACL
005 20190904162635.0
008 190904b xxu||||| |||| 00| 0 eng d
040 _cMACL
100 _aBhatnagar, V S
_975551
245 _aHalf A Flight
260 _aJaipur
_bLiterary Circle
_c2018
650 _aFiction
_976564
942 _2ddc
_cBK
999 _c60947
_d60947